|
|
|
|
| LEADER |
00000nam0a2200000 4500 |
| 001 |
250358 |
| 005 |
20231101232545.0 |
| 010 |
|
|
|a 5060014355
|
| 020 |
|
|
|a RU
|b 89-121
|
| 035 |
|
|
|a (RuTPU)RU\TPU\book\272547
|
| 090 |
|
|
|a 250358
|
| 100 |
|
|
|a 20140212d1988 m y0rusy5003 ca
|
| 101 |
0 |
|
|a rus
|
| 102 |
|
|
|a RU
|
| 105 |
|
|
|a a z 001zy
|
| 200 |
1 |
|
|a Холодная штамповка
|e учебник
|f С. А. Еленев
|
| 205 |
|
|
|a 2-е изд., перераб. и доп.
|
| 210 |
|
|
|a Москва
|c Высшая школа
|d 1988
|
| 215 |
|
|
|a 270 с.
|c ил.
|d 21 см
|
| 320 |
|
|
|a Библиогр.: с. 268 (7 назв.)
|
| 606 |
1 |
|
|a Штамповка металлов, холодная
|2 stltpush
|3 (RuTPU)RU\TPU\subj\19475
|9 44713
|
| 610 |
1 |
|
|a пластическая деформация
|
| 610 |
1 |
|
|a закон Гука
|
| 610 |
1 |
|
|a холодная штамповка
|
| 610 |
1 |
|
|a пластичность
|
| 610 |
1 |
|
|a допуски
|
| 610 |
1 |
|
|a посадки
|
| 610 |
1 |
|
|a контрольно-измерительные инструменты
|
| 610 |
1 |
|
|a учебники
|
| 675 |
|
|
|a 621.735.016(075.32)
|v 3
|
| 700 |
|
1 |
|a Еленев
|b С. А.
|g Сергей Алексеевич
|4 070
|
| 801 |
|
0 |
|a RU
|b RuMRKP
|c 19950417
|g psbo
|
| 801 |
|
1 |
|a RU
|b 63413507
|c 20140212
|
| 801 |
|
2 |
|a RU
|b 63413507
|c 20140220
|g RCR
|
| 942 |
|
|
|c BK
|